[Event "Rostov on Don rapid GP Stage 28th"]
[Site "Rostov on Don"]
[Date "2021.10.29"]
[Round "3"]
[White "Apryshko, Gleb"]
[Black "Indzhiev, Aldar"]
[Result "1-0"]
[WhiteElo "2370"]
[BlackElo "2101"]
[PlyCount "77"]
[EventDate "2021.10.29"]
[EventType "swiss"]
[EventRounds "11"]
[EventCountry "RUS"]
[SourceTitle "CBM 204 Extra"]
[Source "ChessBase"]
[SourceDate "2021.11.30"]
[SourceVersion "1"]
[SourceVersionDate "2021.11.30"]
[SourceQuality "1"]

1. g3 d5 2. Bg2 g6 3. d3 Bg7 4. Nd2 e5 5. e4 d4 6. Ne2 Ne7 7. f4 f6 8. Nf3 0-0 9. c3 c5 10. fxe5 fxe5 11. b4 c4 12. dxc4 d3 13. Neg1 Be6 14. c5 a5 15. Bh3 Bxh3 16. Nxh3 axb4 17. 0-0 h6 18. cxb4 Rxf3 19. Qxf3 Nbc6 20. b5 Nb4 21. Bd2 Nc2 22. Qf7+ Kh8 23. Qc4 Nxa1 24. Rxa1 Ng8 25. Nf2 Nf6 26. Be3 Ra3 27. c6 bxc6 28. bxc6 Ne8 29. Rd1 Qa8 30. Rxd3 Rxa2 31. c7 Nxc7 32. Qxc7 Qa6 33. Rd8+ Kh7 34. Rd7 Ra1+ 35. Bc1 Qf6 36. Ng4 Qf8 37. Rxg7+ Kh8 38. Rh7+ Kg8 39. Nxh6+ 1-0

[Event "Rostov on Don rapid GP Stage 28th"]
[Site "Rostov on Don"]
[Date "2021.10.29"]
[Round "1"]
[White "Apryshko, Gleb"]
[Black "Tochilkina, Ekaterina"]
[Result "1-0"]
[WhiteElo "2370"]
[BlackElo "1883"]
[PlyCount "69"]
[EventDate "2021.10.29"]
[EventType "swiss"]
[EventRounds "11"]
[EventCountry "RUS"]
[SourceTitle "CBM 204 Extra"]
[Source "ChessBase"]
[SourceDate "2021.11.30"]
[SourceVersion "1"]
[SourceVersionDate "2021.11.30"]
[SourceQuality "1"]

1. e4 c5 2. Nc3 Nc6 3. Bb5 Nd4 4. Bd3 d6 5. Nce2 g6 6. Nxd4 cxd4 7. c3 dxc3 8. dxc3 Bg7 9. f4 Nf6 10. Nf3 0-0 11. 0-0 Qb6+ 12. Kh1 Bd7 13. Qe2 a6 14. a4 Rac8 15. a5 Qc7 16. Be3 Bc6 17. Bb6 Qd7 18. Rad1 Ne8 19. e5 Bxf3 20. Qxf3 d5 21. f5 Nc7 22. Rde1 Qc6 23. Qh3 Nb5 24. e6 Rce8 25. exf7+ Rxf7 26. fxg6 Rxf1+ 27. Rxf1 hxg6 28. Qg4 Rf8 29. Rxf8+ Kxf8 30. Qxg6 e5 31. Qf5+ Bf6 32. g4 Ke7 33. Qh7+ Kd6 34. g5 Be7 35. Qg6+ 1-0

[Event "Rostov on Don rapid GP Stage 28th"]
[Site "Rostov on Don"]
[Date "2021.10.29"]
[Round "6"]
[White "Yandarbiev, Ruslan"]
[Black "Apryshko, Gleb"]
[Result "0-1"]
[WhiteElo "2250"]
[BlackElo "2370"]
[PlyCount "64"]
[EventDate "2021.10.29"]
[EventType "swiss"]
[EventRounds "11"]
[EventCountry "RUS"]
[SourceTitle "CBM 204 Extra"]
[Source "ChessBase"]
[SourceDate "2021.11.30"]
[SourceVersion "1"]
[SourceVersionDate "2021.11.30"]
[SourceQuality "1"]

1. Nf3 d5 2. e3 Nf6 3. c4 e6 4. b3 c5 5. Bb2 Nc6 6. d4 cxd4 7. exd4 Bb4+ 8. Nbd2 0-0 9. Bd3 Ne4 10. 0-0 f5 11. cxd5 exd5 12. a3 Bd6 13. Ne5 Qe7 14. Ndf3 Be6 15. Nxc6 bxc6 16. Ne5 c5 17. f3 cxd4 18. Bxd4 Bxe5 19. Bxe5 Qc5+ 20. Kh1 Nf2+ 21. Rxf2 Qxf2 22. f4 d4 23. Bf1 Rad8 24. Qd3 Bd5 25. Rd1 Qe3 26. Qa6 Qxb3 27. Rxd4 Bf7 28. Qxa7 Qb1 29. Kg1 h6 30. h3 Rxd4 31. Qxd4 Rc8 32. Bxg7 Rc1 0-1

[Event "Rostov on Don rapid GP Stage 28th"]
[Site "Rostov on Don"]
[Date "2021.10.29"]
[Round "4"]
[White "Zakaryan, David"]
[Black "Apryshko, Gleb"]
[Result "1-0"]
[WhiteElo "2283"]
[BlackElo "2370"]
[PlyCount "45"]
[EventDate "2021.10.29"]
[EventType "swiss"]
[EventRounds "11"]
[EventCountry "RUS"]
[SourceTitle "CBM 204 Extra"]
[Source "ChessBase"]
[SourceDate "2021.11.30"]
[SourceVersion "1"]
[SourceVersionDate "2021.11.30"]
[SourceQuality "1"]

1. e4 e6 2. d4 d5 3. Nd2 Nf6 4. e5 Nfd7 5. Bd3 c5 6. c3 Nc6 7. Ne2 a5 8. 0-0 a4 9. Nf3 a3 10. bxa3 c4 11. Bc2 Bxa3 12. Nf4 g6 13. h4 b5 14. Ng5 Qe7 15. Re1 Nb6 16. Re3 Bxc1 17. Qxc1 b4 18. Rf3 bxc3 19. Ne2 0-0 20. Rf6 Nd7 21. Nxh7 Nb4 22. Qh6 Nxc2 23. Ng5 1-0

[Event "Anapa Sea Harbor Cup Blitz"]
[Site "Anapa"]
[Date "2021.06.13"]
[Round "12"]
[White "Apryshko, Gleb"]
[Black "Khruschiov, Alexey"]
[Result "0-1"]
[WhiteElo "2382"]
[BlackElo "2382"]
[PlyCount "51"]
[EventDate "2021.06.13"]
[EventType "swiss (blitz)"]
[EventRounds "13"]
[EventCountry "RUS"]
[SourceTitle "CBM 202 Extra"]
[Source "ChessBase"]
[SourceDate "2021.07.31"]
[SourceVersion "1"]
[SourceVersionDate "2021.07.31"]
[SourceQuality "1"]

1. e4 e5 2. d4 exd4 3. Qxd4 Nc6 4. Qc4 g6 5. Nc3 Bg7 6. h4 h6 7. h5 g5 8. f4 d6 9. Nf3 g4 10. Nh4 Nf6 11. g3 0-0 12. Be3 Re8 13. 0-0-0 Nxh5 14. Bf2 Nf6 15. e5 Nd7 16. Bg2 Nb6 17. Qe2 Qe7 18. Bxb6 axb6 19. Nd5 Qd8 20. Kb1 Be6 21. f5 Bxd5 22. Bxd5 Nxe5 23. f6 Qxf6 24. Rdf1 Nf3 25. Qb5 c6 26. Qb3 0-1

[Event "Anapa Sea Harbor Cup Blitz"]
[Site "Anapa"]
[Date "2021.06.13"]
[Round "13"]
[White "Zamyshlyaev, Anatoly"]
[Black "Apryshko, Gleb"]
[Result "0-1"]
[WhiteElo "2074"]
[BlackElo "2382"]
[PlyCount "72"]
[EventDate "2021.06.13"]
[EventType "swiss (blitz)"]
[EventRounds "13"]
[EventCountry "RUS"]
[SourceTitle "CBM 202 Extra"]
[Source "ChessBase"]
[SourceDate "2021.07.31"]
[SourceVersion "1"]
[SourceVersionDate "2021.07.31"]
[SourceQuality "1"]

1. e4 g6 2. d4 Bg7 3. Nc3 d6 4. Bg5 h6 5. Be3 Nd7 6. f3 a6 7. a4 b6 8. Bc4 e6 9. Nge2 Ne7 10. 0-0 Bb7 11. Qd2 d5 12. Ba2 Nf6 13. Ng3 Nc6 14. exd5 exd5 15. Rfe1 Kf8 16. Nge2 Nb4 17. Bb3 a5 18. Nf4 Kg8 19. Nb5 c6 20. c3 Na6 21. Na3 Kh7 22. Bc2 Re8 23. Qd3 Qd7 24. Re2 Nc7 25. Rae1 Ba6 26. c4 dxc4 27. Nxc4 Bxc4 28. Qxc4 Nfd5 29. Nxd5 Nxd5 30. Bf2 f5 31. h4 Nf4 32. Rxe8 Rxe8 33. Rd1 Qd5 34. Qa6 Re2 35. Bb1 Qb3 36. Bg3 Qxd1+ 0-1

[Event "Anapa Sea Harbor Cup Rapid"]
[Site "Anapa"]
[Date "2021.06.12"]
[Round "9"]
[White "Apryshko, Gleb"]
[Black "Iljiushenok, Ilia"]
[Result "1/2-1/2"]
[WhiteElo "2382"]
[BlackElo "2530"]
[PlyCount "116"]
[EventDate "2021.06.11"]
[EventType "swiss (rapid)"]
[EventRounds "9"]
[EventCountry "RUS"]
[SourceTitle "CBM 202 Extra"]
[Source "ChessBase"]
[SourceDate "2021.07.31"]
[SourceVersion "1"]
[SourceVersionDate "2021.07.31"]
[SourceQuality "1"]

1. g3 e5 2. Bg2 Nc6 3. d3 d5 4. a3 a5 5. b3 g6 6. c4 d4 7. Nf3 Bg7 8. 0-0 Nge7 9. Ne1 0-0 10. Nc2 Be6 11. h3 Qd7 12. Kh2 f5 13. Nd2 Rad8 14. b4 e4 15. Rb1 axb4 16. axb4 Ne5 17. Nb3 Nf7 18. Nc5 Qc8 19. dxe4 Bxc4 20. exf5 Qxf5 21. Nxb7 d3 22. e4 dxc2 23. Qxc2 Qb5 24. Nxd8 Bxf1 25. Bxf1 Qxf1 26. Bg5 Qxb1 27. Qxb1 Nxg5 28. Qa2+ Kh8 29. h4 Nf3+ 30. Kg2 Nxh4+ 31. gxh4 Rxd8 32. Qf7 Bf8 33. b5 Rc8 34. f4 Ng8 35. h5 Rb8 36. Kf3 gxh5 37. e5 Bg7 38. Qc4 h4 39. Kg4 Nh6+ 40. Kxh4 Rf8 41. Kh3 Rf7 42. Kg2 Re7 43. Qe4 Ng8 44. Qf5 Nh6 45. Qc8+ Ng8 46. Kf3 Rf7 47. Ke4 Re7 48. Qd8 Rf7 49. Qc8 Re7 50. Kd5 Rf7 51. f5 Rf8 52. Qxc7 Rxf5 53. b6 Bxe5 54. Qc8 Rg5 55. Ke6 Rg6+ 56. Kxe5 Rxb6 57. Kf4 Rf6+ 58. Kg5 Rg6+ 1/2-1/2

[Event "Anapa Sea Harbor Cup Rapid"]
[Site "Anapa"]
[Date "2021.06.11"]
[Round "5"]
[White "Apryshko, Gleb"]
[Black "Smirnov, Pavel"]
[Result "1-0"]
[WhiteElo "2382"]
[BlackElo "2544"]
[PlyCount "91"]
[EventDate "2021.06.11"]
[EventType "swiss (rapid)"]
[EventRounds "9"]
[EventCountry "RUS"]
[SourceTitle "CBM 202 Extra"]
[Source "ChessBase"]
[SourceDate "2021.07.31"]
[SourceVersion "1"]
[SourceVersionDate "2021.07.31"]
[SourceQuality "1"]

1. e4 e5 2. d4 exd4 3. Qxd4 Nc6 4. Qc4 Nf6 5. Nc3 Bb4 6. Bd2 0-0 7. 0-0-0 Re8 8. f3 d6 9. a3 Ba5 10. g4 Be6 11. Qe2 Ne5 12. Qg2 Nc4 13. Bxc4 Bxc4 14. g5 Nh5 15. Nge2 g6 16. h4 b5 17. Ng3 b4 18. Nxh5 gxh5 19. axb4 Bxb4 20. e5 Rxe5 21. Ne4 Qb8 22. Nf6+ Kh8 23. Rde1 Ra5 24. Bc3 Bxc3 25. bxc3 Be6 26. g6 hxg6 27. Rxe6 Qb5 28. Rhe1 Ra1+ 29. Kd2 Rxe1 30. Rxe1 Kg7 31. Qg5 Qxg5+ 32. hxg5 a5 33. Ne8+ Kf8 34. Nxc7 Rc8 35. Nd5 a4 36. Nb6 Rc6 37. Nxa4 d5 38. c4 Rxc4 39. Nb6 Rb4 40. Nd7+ Kg7 41. Nf6 Rb8 42. Re8 Rxe8 43. Nxe8+ Kf8 44. Nf6 h4 45. Ke3 d4+ 46. Kxd4 1-0

[Event "Anapa Sea Harbor Cup"]
[Site "Anapa"]
[Date "2021.06.10"]
[Round "9"]
[White "Apryshko, Gleb"]
[Black "Gabrielian, Artur"]
[Result "0-1"]
[WhiteElo "2382"]
[BlackElo "2456"]
[PlyCount "80"]
[EventDate "2021.06.02"]
[EventType "swiss"]
[EventRounds "9"]
[EventCountry "RUS"]
[SourceTitle "CBM 202 Extra"]
[Source "ChessBase"]
[SourceDate "2021.07.31"]
[SourceVersion "1"]
[SourceVersionDate "2021.07.31"]
[SourceQuality "1"]

1. g3 g6 2. Bg2 Bg7 3. e3 Nf6 4. Ne2 0-0 5. 0-0 d5 6. h3 c5 7. d4 Nc6 8. Nbc3 cxd4 9. exd4 b6 10. a4 e6 11. b3 Re8 12. Ba3 a6 13. Re1 Bb7 14. Qd3 Rc8 15. Rad1 Qc7 16. Qe3 h5 17. Qf3 Ne7 18. g4 hxg4 19. hxg4 Ne4 20. Rd3 b5 21. axb5 axb5 22. Qe3 Qa5 23. Bxe7 Rxe7 24. b4 Qxb4 25. Rb1 Qd6 26. Nxe4 dxe4 27. Bxe4 Rxc2 28. Rdb3 Ra2 29. Rxb5 Ra3 30. R1b3 Rxb3 31. Rxb3 Ba6 32. Bd3 Bc8 33. Qe4 Ra7 34. Rb1 Ra5 35. Bb5 Bf6 36. Qc6 Qxc6 37. Bxc6 Ba6 38. Rb8+ Kg7 39. Ra8 Ra2 40. d5 Ra1+ 0-1

[Event "Orsha op"]
[Site "Orsha"]
[Date "2021.04.06"]
[Round "2"]
[White "Poliakova, Varvara"]
[Black "Apryshko, Gleb"]
[Result "0-1"]
[WhiteElo "1918"]
[BlackElo "2391"]
[PlyCount "110"]
[EventDate "2021.04.06"]
[EventType "swiss"]
[EventRounds "9"]
[EventCountry "BLR"]
[SourceTitle "CBM 202 Extra"]
[Source "ChessBase"]
[SourceDate "2021.07.31"]
[SourceVersion "1"]
[SourceVersionDate "2021.07.31"]
[SourceQuality "1"]

1. e4 g6 2. d4 Bg7 3. Nf3 d6 4. Bd3 Nd7 5. c3 e6 6. 0-0 b6 7. Re1 Bb7 8. Na3 a6 9. Nc2 Ne7 10. h3 h6 11. Qe2 c5 12. a4 Qc7 13. Bf4 0-0 14. Bh2 Nc6 15. Rad1 Rfd8 16. Bc4 Na5 17. Ba2 Rac8 18. Na3 Bf8 19. d5 e5 20. Rb1 c4 21. Nd2 Nc5 22. Naxc4 Nxa4 23. Nxa5 bxa5 24. Qe3 Nb6 25. Ra1 a4 26. Bb1 Rb8 27. Bd3 Bc8 28. Reb1 a5 29. Bg3 Bd7 30. f3 Kh7 31. Bf2 Be7 32. Qe2 Bg5 33. h4 Be7 34. Rc1 g5 35. h5 g4 36. f4 g3 37. Be3 Rg8 38. Nf3 Bg4 39. c4 Nd7 40. Rxa4 Nc5 41. Ra3 Nxd3 42. Rxd3 f5 43. Bd2 Rxb2 44. fxe5 dxe5 45. Kf1 Bb4 46. d6 Qf7 47. d7 Qxh5 48. Qe3 f4 49. d8Q Rxd8 50. Qa7+ Kg6 51. Rxd8 Qh1+ 52. Qg1 Qxg1+ 53. Nxg1 Bxd2 54. Ra1 Bc3 55. Nf3 Bxf3 0-1

[Event "Moscow-ch blitz 74th"]
[Site "Moscow"]
[Date "2020.11.04"]
[Round "2"]
[White "Apryshko, Gleb"]
[Black "Antipov, Mikhail Al"]
[Result "0-1"]
[WhiteElo "2391"]
[BlackElo "2607"]
[PlyCount "48"]
[EventDate "2020.11.04"]
[EventType "tourn (blitz)"]
[EventRounds "15"]
[EventCountry "RUS"]
[EventCategory "9"]
[SourceTitle "CBM 199 Extra"]
[Source "ChessBase"]
[SourceDate "2021.01.31"]
[SourceVersion "1"]
[SourceVersionDate "2021.01.31"]
[SourceQuality "1"]

1. e4 c5 2. Nf3 Nc6 3. Nc3 g6 4. d4 cxd4 5. Nxd4 Bg7 6. Be3 Nf6 7. f3 0-0 8. Qd2 d5 9. Nxc6 bxc6 10. 0-0-0 Rb8 11. Bh6 Bxh6 12. Qxh6 Qb6 13. b3 dxe4 14. Bc4 Qa5 15. Kb2 Rb4 16. Rd4 Be6 17. Nxe4 Rxc4 18. Nxf6+ exf6 19. Rxc4 Bxc4 20. bxc4 Qe5+ 21. c3 Rb8+ 22. Kc2 Qe2+ 23. Kc1 Qb2+ 24. Kd1 Rd8+ 0-1

[Event "Moscow-ch blitz 74th"]
[Site "Moscow"]
[Date "2020.11.04"]
[Round "8"]
[White "Bryakin, Mikhail"]
[Black "Apryshko, Gleb"]
[Result "1/2-1/2"]
[WhiteElo "2459"]
[BlackElo "2391"]
[PlyCount "123"]
[EventDate "2020.11.04"]
[EventType "tourn (blitz)"]
[EventRounds "15"]
[EventCountry "RUS"]
[EventCategory "9"]
[SourceTitle "CBM 199 Extra"]
[Source "ChessBase"]
[SourceDate "2021.01.31"]
[SourceVersion "1"]
[SourceVersionDate "2021.01.31"]
[SourceQuality "1"]

1. b3 d6 2. Bb2 Nd7 3. Nf3 Ngf6 4. d4 g6 5. g3 Bg7 6. Bg2 0-0 7. 0-0 a5 8. a4 c6 9. Nbd2 d5 10. Re1 Re8 11. e4 dxe4 12. Nxe4 Nxe4 13. Rxe4 Nc5 14. Re1 Na6 15. Qd2 Nb4 16. c3 Nd5 17. Ne5 Qb6 18. c4 Nb4 19. Bc3 Bf5 20. c5 Qc7 21. Bxb4 axb4 22. Qxb4 Red8 23. Rad1 Be6 24. Nc4 Bg4 25. Rd2 Rab8 26. d5 cxd5 27. Rxd5 Rxd5 28. Bxd5 e6 29. Bg2 Bf8 30. Nd6 Bf5 31. Qf4 Bc2 32. Re3 b6 33. Be4 bxc5 34. Bxc2 Bxd6 35. Qf3 c4 36. Rc3 Rb4 37. Bd3 Rxb3 38. Rxc4 Qxc4 39. Qa8+ Rb8 40. Qxb8+ Bxb8 41. Bxc4 Kf8 42. Kf1 Ke7 43. Ke2 Kd6 44. Kd3 Ba7 45. f4 Bg1 46. Ke2 Kc5 47. Bb5 f6 48. Bd3 Bd4 49. Kf3 Bc3 50. h4 f5 51. Bb5 e5 52. Be8 e4+ 53. Ke2 Bf6 54. Bf7 Kb4 55. Bg8 h6 56. Bh7 g5 57. h5 gxf4 58. gxf4 Bb2 59. Bxf5 Bc1 60. Bxe4 Bxf4 61. Bc6 Bg5 62. Bb5 1/2-1/2

[Event "Moscow-ch blitz 74th"]
[Site "Moscow"]
[Date "2020.11.04"]
[Round "10"]
[White "Makarian, Rudik"]
[Black "Apryshko, Gleb"]
[Result "1-0"]
[WhiteElo "2441"]
[BlackElo "2391"]
[PlyCount "71"]
[EventDate "2020.11.04"]
[EventType "tourn (blitz)"]
[EventRounds "15"]
[EventCountry "RUS"]
[EventCategory "9"]
[SourceTitle "CBM 199 Extra"]
[Source "ChessBase"]
[SourceDate "2021.01.31"]
[SourceVersion "1"]
[SourceVersionDate "2021.01.31"]
[SourceQuality "1"]

1. c4 e5 2. g3 Nc6 3. Bg2 Bc5 4. Nc3 a6 5. e3 d6 6. Nge2 h5 7. d4 Ba7 8. f4 h4 9. dxe5 dxe5 10. Qxd8+ Nxd8 11. Nd5 Bb8 12. b3 Nf6 13. fxe5 Nd7 14. Ba3 c6 15. Ne7 Bxe5 16. 0-0-0 Ne6 17. Bh3 Ndf8 18. Nxc8 Rxc8 19. Nf4 Rc7 20. Nd3 Bf6 21. Bd6 Rc8 22. Nc5 Be7 23. Nxb7 g6 24. Be5 Rh5 25. Nd6+ Bxd6 26. Bxd6 Ra5 27. Kb2 Nd7 28. gxh4 Rh5 29. Bg3 Nf6 30. Rhf1 Ne4 31. Bxe6 fxe6 32. Rd4 Nc5 33. Rf6 Ke7 34. Rxg6 Kf7 35. Rg5 Rh6 36. Rxc5 1-0

[Event "Moscow-ch rapid"]
[Site "Moscow"]
[Date "2020.10.31"]
[Round "4"]
[White "Apryshko, Gleb"]
[Black "Shuvalova, Polina"]
[Result "0-1"]
[WhiteElo "2389"]
[BlackElo "2441"]
[PlyCount "70"]
[EventDate "2020.10.31"]
[EventType "swiss (rapid)"]
[EventRounds "9"]
[EventCountry "RUS"]
[SourceTitle "CBM 199 Extra"]
[Source "ChessBase"]
[SourceDate "2021.01.31"]
[SourceVersion "1"]
[SourceVersionDate "2021.01.31"]
[SourceQuality "1"]

1. e4 c6 2. d3 d5 3. Nd2 g6 4. h3 Bg7 5. Ngf3 e5 6. g3 Ne7 7. Bg2 0-0 8. 0-0 h6 9. Re1 d4 10. Nc4 Qc7 11. c3 c5 12. cxd4 cxd4 13. a4 Be6 14. Bd2 Nec6 15. b4 Bxc4 16. dxc4 a5 17. b5 Nb4 18. Bxb4 axb4 19. Qb3 Rc8 20. Rec1 Nd7 21. c5 Nxc5 22. Qxb4 b6 23. Nd2 Qd8 24. Bf1 h5 25. Nc4 h4 26. a5 bxa5 27. Nxa5 Nxe4 28. Nc6 Rxa1 29. Rxa1 Bf8 30. Qe1 Qd5 31. Bg2 f5 32. Na7 Rc2 33. b6 hxg3 34. fxg3 d3 35. Qe3 Bc5 0-1

[Event "Moscow-ch rapid"]
[Site "Moscow"]
[Date "2020.10.31"]
[Round "5"]
[White "Bryakin, Mikhail"]
[Black "Apryshko, Gleb"]
[Result "1/2-1/2"]
[WhiteElo "2459"]
[BlackElo "2389"]
[PlyCount "217"]
[EventDate "2020.10.31"]
[EventType "swiss (rapid)"]
[EventRounds "9"]
[EventCountry "RUS"]
[SourceTitle "CBM 199 Extra"]
[Source "ChessBase"]
[SourceDate "2021.01.31"]
[SourceVersion "1"]
[SourceVersionDate "2021.01.31"]
[SourceQuality "1"]

1. b3 d6 2. Bb2 Nd7 3. Nf3 Ngf6 4. g3 e5 5. d3 a5 6. a3 b5 7. a4 bxa4 8. Rxa4 Nc5 9. Ra1 Bb7 10. Bg2 Ra6 11. 0-0 Qa8 12. Nbd2 Nd5 13. Nc4 a4 14. e4 Nb6 15. Nxb6 cxb6 16. b4 a3 17. Bc3 Ne6 18. Nd2 Qc8 19. b5 Ra4 20. Nc4 Qc5 21. Qc1 Nc7 22. Rxa3 Nxb5 23. Rb3 Nxc3 24. Rxc3 b5 25. Rb3 Bc6 26. Ne3 Be7 27. c4 b4 28. Qd2 0-0 29. Rfb1 Rb8 30. Nc2 Ra2 31. R3b2 Rxb2 32. Rxb2 b3 33. Bf3 Ba4 34. Bd1 Bd8 35. Na1 Ba5 36. Qc1 Qa3 37. Kg2 h6 38. Nc2 Qc5 39. Na1 Qa3 40. Nc2 Qc5 41. Na1 Qa3 42. Nc2 Qc5 43. Na1 Qd4 44. Nxb3 Bxb3 45. Bxb3 Bc3 46. Rb1 Kh7 47. Bc2 Rxb1 48. Qxb1 Qa7 49. Qd1 Bd4 50. Qf3 Kg8 51. Bb3 Qc5 52. Ba4 Kf8 53. Bd7 Ke7 54. Bg4 g6 55. h4 h5 56. Bh3 Qa3 57. g4 hxg4 58. Bxg4 Qc1 59. h5 Qg5 60. Kf1 Qc1+ 61. Kg2 Qg5 62. Kh3 Qd2 63. hxg6 fxg6 64. Kg2 Qg5 65. Qg3 Qf6 66. Bf3 Kf8 67. Qg4 Kg7 68. Qd7+ Kh6 69. Qh3+ Kg7 70. Qd7+ Kh6 71. Qc8 Kg7 72. Qh3 Qg5+ 73. Bg4 Qf4 74. Qg3 Qf6 75. Bh3 Kh6 76. Kf1 Kg7 77. Bg4 Qg5 78. Qf3 Qc1+ 79. Kg2 Qg5 80. Kg3 Qe7 81. Qd1 Qf6 82. Qe2 Bc5 83. Kg2 Kh6 84. Qd2+ Qg5 85. Qe2 Qf4 86. Bh3 Kg5 87. Qf3 Kh4 88. Qxf4+ exf4 89. Bd7 g5 90. f3 Bd4 91. Bg4 Bc5 92. Kf1 Bd4 93. Ke2 Kg3 94. Bh5 Kg2 95. Bg4 Kg3 96. Kd2 Kf2 97. Bh5 Be5 98. Bg4 Bd4 99. Bh5 Be5 100. d4 Bxd4 101. Kd3 Be5 102. c5 dxc5 103. Kc4 Bd4 104. Kd5 Ke3 105. Kc4 Kd2 106. Bg4 Ke3 107. Bh5 Kd2 108. Bg4 Ke3 109. Bh5 1/2-1/2

[Event "Moscow-ch final"]
[Site "Moscow"]
[Date "2020.09.21"]
[Round "9"]
[White "Usov, Aleksandr E"]
[Black "Apryshko, Gleb"]
[Result "0-1"]
[WhiteElo "2069"]
[BlackElo "2388"]
[PlyCount "84"]
[EventDate "2020.09.13"]
[EventType "swiss"]
[EventRounds "9"]
[EventCountry "RUS"]
[SourceTitle "CBM 198 Extra"]
[Source "ChessBase"]
[SourceDate "2020.11.30"]
[SourceVersion "1"]
[SourceVersionDate "2020.11.30"]
[SourceQuality "1"]

1. e4 e6 2. d4 Ne7 3. Nf3 g6 4. Bd3 Bg7 5. 0-0 d6 6. c3 Nd7 7. Qe2 a6 8. Rd1 b6 9. e5 Bb7 10. Be4 Bxe4 11. Qxe4 d5 12. Qe2 h6 13. Be3 c5 14. Nbd2 c4 15. b4 b5 16. a3 a5 17. Nf1 Nb6 18. Rdb1 Ra6 19. Ne1 Qc7 20. Nc2 Qa7 21. Bd2 Nc6 22. f4 h5 23. Qd1 Bf8 24. g3 Be7 25. Nfe3 Bd8 26. Kg2 Na4 27. Qf3 Ne7 28. Be1 Bb6 29. Bd2 Qb7 30. Nd1 Kd7 31. Nb2 axb4 32. axb4 Nxb2 33. Rxa6 Qxa6 34. Rxb2 Ra8 35. Qd1 Qc8 36. Qb1 Ra4 37. Ra2 Qa8 38. Rxa4 Qa7 39. Ra5 Qxa5 40. Kf2 Qa4 41. h3 Bc7 42. g4 Nc8 0-1

[Event "Moscow-ch final"]
[Site "Moscow"]
[Date "2020.09.16"]
[Round "4"]
[White "Galaktionov, Artem"]
[Black "Apryshko, Gleb"]
[Result "1/2-1/2"]
[WhiteElo "2319"]
[BlackElo "2388"]
[PlyCount "124"]
[EventDate "2020.09.13"]
[EventType "swiss"]
[EventRounds "9"]
[EventCountry "RUS"]
[SourceTitle "CBM 198 Extra"]
[Source "ChessBase"]
[SourceDate "2020.11.30"]
[SourceVersion "1"]
[SourceVersionDate "2020.11.30"]
[SourceQuality "1"]

1. d4 g6 2. Nf3 Bg7 3. c4 e6 4. Nc3 Ne7 5. e4 d5 6. e5 Nd7 7. cxd5 exd5 8. Qb3 c6 9. Bd3 f6 10. exf6 Nxf6 11. Bg5 0-0 12. 0-0-0 Qb6 13. Qa3 Nf5 14. h3 Qd8 15. g4 Nd6 16. Ne5 Nf7 17. Bh4 Qd6 18. Qxd6 Nxd6 19. Rhe1 Nf7 20. f4 Nxe5 21. fxe5 Ne8 22. Rf1 Rxf1 23. Rxf1 Nc7 24. Bf6 Bd7 25. Bxg7 Kxg7 26. Kd2 Rf8 27. Rxf8 Kxf8 28. Ke3 Kg7 29. Ne2 Kh6 30. Kf4 Ne6+ 31. Kg3 c5 32. dxc5 Nxc5 33. Bc2 Bb5 34. Nd4 Bd3 35. b4 Ne4+ 36. Kf4 Bxc2 37. Nxc2 Kg7 38. Ke3 Kf7 39. Kd4 Ke6 40. Ne3 Ng5 41. Nxd5 Nxh3 42. Nc7+ Kd7 43. Nb5 Nf2 44. Nd6 Nxg4 45. Nxb7 h5 46. Nc5+ Kc6 47. e6 Kd6 48. Ke4 Nf2+ 49. Ke3 Nh3 50. b5 Ng5 51. Nb7+ Kxe6 52. Nd8+ Kd6 53. a4 Ne6 54. Nf7+ Kd5 55. a5 Nc5 56. Kf4 Ne6+ 57. Ke3 g5 58. b6 axb6 59. axb6 Kc6 60. Kf3 Kxb6 61. Kg3 h4+ 62. Kg4 Kc5 1/2-1/2

[Event "Moscow-ch final"]
[Site "Moscow"]
[Date "2020.09.15"]
[Round "3"]
[White "Apryshko, Gleb"]
[Black "Rostovtsev, Dmitry"]
[Result "1-0"]
[WhiteElo "2388"]
[BlackElo "1737"]
[PlyCount "93"]
[EventDate "2020.09.13"]
[EventType "swiss"]
[EventRounds "9"]
[EventCountry "RUS"]
[SourceTitle "CBM 198 Extra"]
[Source "ChessBase"]
[SourceDate "2020.11.30"]
[SourceVersion "1"]
[SourceVersionDate "2020.11.30"]
[SourceQuality "1"]

1. Nf3 Nf6 2. g3 g6 3. b3 Bg7 4. Bb2 0-0 5. c4 d6 6. d4 e5 7. dxe5 dxe5 8. Qxd8 Rxd8 9. Nxe5 Na6 10. Nc3 Nb4 11. Rc1 Re8 12. a3 Na6 13. Na4 Ne4 14. Nd3 Nec5 15. Ndxc5 Nxc5 16. Bxg7 Nd3+ 17. Kd2 Nxc1 18. Bc3 Nxb3+ 19. Kc2 b5 20. cxb5 Be6 21. Bg2 Rab8 22. Bc6 Red8 23. e3 Rd6 24. Bb4 Rxc6+ 25. bxc6 a5 26. Be7 Bd5 27. Rd1 Be4+ 28. Kc3 Bxc6 29. Nb2 Kg7 30. a4 Bf3 31. Rd7 Na1 32. Nc4 Rb3+ 33. Kd4 Bc6 34. Rxc7 Bxa4 35. Nd6 Rb2 36. Ne4 Nc2+ 37. Kc3 Rb3+ 38. Kd2 Nb4 39. Bf6+ Kh6 40. Nc5 Ra3 41. Nxa4 Rxa4 42. Rxf7 Ra2+ 43. Kc3 Nd5+ 44. Kb3 Re2 45. Bd4 Kg5 46. h3 h5 47. Bg7 1-0

[Event "Titled Tuesday intern op 4th Aug 10am"]
[Site "Chess.com INT"]
[Date "2020.08.04"]
[Round "1"]
[White "Apryshko, Gleb"]
[Black "Berkovich, Mark A"]
[Result "1-0"]
[WhiteElo "2388"]
[BlackElo "2326"]
[PlyCount "55"]
[EventDate "2020.08.04"]
[EventType "swiss (blitz)"]
[EventRounds "10"]
[EventCountry "USA"]
[SourceTitle "CBM 197 Extra"]
[Source "ChessBase"]
[SourceDate "2020.09.30"]
[SourceVersion "1"]
[SourceVersionDate "2020.09.30"]
[SourceQuality "1"]

1. Nf3 Nf6 2. g3 b6 3. Bg2 Bb7 4. 0-0 e6 5. d3 c5 6. e4 Be7 7. Re1 Nc6 8. e5 Nd5 9. Nfd2 0-0 10. Nc4 b5 11. Nd6 Bxd6 12. exd6 Qb6 13. c4 bxc4 14. dxc4 Nf6 15. Bg5 Qxb2 16. Nd2 h6 17. Rb1 Qd4 18. Bxf6 Qxf6 19. Rxb7 Ne5 20. Ne4 Qg6 21. Nxc5 Nxc4 22. Rb4 Nb6 23. Bxa8 Rxa8 24. Qf3 Rc8 25. Rxb6 axb6 26. Nxd7 Rd8 27. Ne5 Qf6 28. Qc6 1-0